<?xml version="1.0" encoding="UTF-8"?>
<record
    xmlns:xsi="http://www.w3.org/2001/XMLSchema-instance"
    xsi:schemaLocation="http://www.loc.gov/MARC21/slim http://www.loc.gov/standards/marcxml/schema/MARC21slim.xsd"
    xmlns="http://www.loc.gov/MARC21/slim">

  <leader>01562nam a2200241 a 4500</leader>
  <controlfield tag="005">20141223145427.0</controlfield>
  <controlfield tag="008">140129b2006    ck ||||| |||| 00| 0 spa d</controlfield>
  <datafield tag="040" ind1=" " ind2=" ">
    <subfield code="c">CO-BoIH</subfield>
  </datafield>
  <datafield tag="041" ind1=" " ind2=" ">
    <subfield code="a">spa</subfield>
  </datafield>
  <datafield tag="044" ind1=" " ind2=" ">
    <subfield code="a">ck</subfield>
  </datafield>
  <datafield tag="090" ind1=" " ind2=" ">
    <subfield code="a">IAVH</subfield>
    <subfield code="b">01020</subfield>
  </datafield>
  <datafield tag="100" ind1=" " ind2=" ">
    <subfield code="a">Rinc&#xF3;n B., Sof&#xED;a A.</subfield>
    <subfield code="9">4959</subfield>
  </datafield>
  <datafield tag="245" ind1=" " ind2=" ">
    <subfield code="a">Propuesta de criterios ambientales y recomendaciones al proyecto de ley n&#xFA;mero 030 de 2006 - Senado &#x161;Por la cual se dicta el estatuto de desarrollo rural, se reforma el instituto colombiano de desarrollo rural - INCODER - y se dictan otras disposiciones &#x161;</subfield>
  </datafield>
  <datafield tag="260" ind1=" " ind2=" ">
    <subfield code="a">Bogot&#xE1;</subfield>
    <subfield code="b">Instituto Alexander von Humboldt</subfield>
    <subfield code="c">2006</subfield>
  </datafield>
  <datafield tag="300" ind1=" " ind2=" ">
    <subfield code="a">60 p.</subfield>
  </datafield>
  <datafield tag="520" ind1=" " ind2=" ">
    <subfield code="a">Expone un an&#xE1;lisis cr&#xED;tico y una propuesta preliminar de recomendaciones y ajuste al proyecto de ley n&#xFA;mero 030 de 2006 - Senado: &#x161;Por la cual se dicta el estatuto de desarrollo rural, se reforma el instituto colombiano de desarrollo rural - INCODER - y se dictan otras disposiciones. Esta propuesta, relacionada con aspectos ambientales fue construida con base en la revisi&#xF3;n de sus contenidos (Principios, objetivos, normas, lineamientos de po&#xED;tica, mecanismos y procedimientos), plasmados en el art&#xED;culo aprobado por la Comisi&#xF3;n quinta, conceptos y opiniones de diferentes actores y los principios incluidos en diferentes convenios de orden internacional ratificados en Colombia</subfield>
  </datafield>
  <datafield tag="650" ind1=" " ind2=" ">
    <subfield code="a">Proyecto de ley No. 030</subfield>
    <subfield code="9">5752</subfield>
  </datafield>
  <datafield tag="650" ind1=" " ind2=" ">
    <subfield code="a">An&#xE1;lisis cr&#xED;tico</subfield>
    <subfield code="9">5753</subfield>
  </datafield>
  <datafield tag="650" ind1=" " ind2=" ">
    <subfield code="a">Desarrollo rural</subfield>
    <subfield code="9">30712</subfield>
  </datafield>
  <datafield tag="650" ind1=" " ind2=" ">
    <subfield code="a">Aspectos ambientales</subfield>
    <subfield code="9">30713</subfield>
  </datafield>
  <datafield tag="942" ind1=" " ind2=" ">
    <subfield code="c">INFORME</subfield>
    <subfield code="2">z</subfield>
  </datafield>
  <datafield tag="945" ind1=" " ind2=" ">
    <subfield code="d">2008-08-28</subfield>
  </datafield>
  <datafield tag="999" ind1=" " ind2=" ">
    <subfield code="c">6496</subfield>
    <subfield code="d">6496</subfield>
  </datafield>
  <datafield tag="952" ind1=" " ind2=" ">
    <subfield code="0">0</subfield>
    <subfield code="1">0</subfield>
    <subfield code="2">z</subfield>
    <subfield code="4">0</subfield>
    <subfield code="7">0</subfield>
    <subfield code="8">HUMBOLDT</subfield>
    <subfield code="I">INV2017</subfield>
    <subfield code="a">Bogota</subfield>
    <subfield code="b">Bogota</subfield>
    <subfield code="d">2008-08-28</subfield>
    <subfield code="l">0</subfield>
    <subfield code="o">IAVH-01020</subfield>
    <subfield code="p">026329</subfield>
    <subfield code="r">2024-08-09 00:00:00</subfield>
    <subfield code="t">Ej. 1</subfield>
    <subfield code="w">2012-12-04</subfield>
    <subfield code="x">Dep&#xF3;sito Institucional</subfield>
    <subfield code="y">INFORME</subfield>
  </datafield>
</record>
